Statistics for US States by next Country of the World in Alphabetical order

Click here to take the quiz!

General Stats

  • This quiz has been taken 97 times
  • The average score is 18 of 50

Answer Stats

Next Country State % Correct
AlbaniaAlaska
73%
AlbaniaAlabama
73%
North KoreaNorth Carolina
59%
South KoreaSouth Carolina
59%
South KoreaSouth Dakota
59%
North KoreaNorth Dakota
59%
OmanOklahoma
58%
OmanOhio
58%
FranceFlorida
55%
YemenWyoming
53%
YemenWashington
53%
YemenVirginia
53%
YemenWisconsin
53%
IndiaIllinois
53%
YemenWest Virginia
53%
IndiaIdaho
53%
New ZealandNew Hampshire
48%
New ZealandNew Mexico
48%
New ZealandNevada
48%
New ZealandNew Jersey
48%
New ZealandNew York
48%
Georgia/GhanaGeorgia
45%
CambodiaCalifornia
41%
ArmeniaArizona
39%
ArmeniaArkansas
39%
IndonesiaIndiana
36%
HondurasHawaii
28%
IranIowa
27%
PeruPennsylvania
27%
VietnamVermont
25%
KenyaKentucky
23%
ThailandTennessee
23%
ThailandTexas
23%
MontenegroMontana
22%
MalawiMaine
20%
UzbekistanUtah
20%
ComorosColorado
20%
Democratic Republic of the CongoDelaware
19%
MauritaniaMassachusetts
14%
Costa RicaConnecticut
14%
KazakhstanKansas
14%
MauritaniaMaryland
14%
MoldovaMissouri
13%
MoldovaMichigan
13%
MoldovaMinnesota
13%
MoldovaMississippi
13%
PakistanOregon
13%
NepalNebraska
13%
LuxembourgLouisiana
11%
RomaniaRhode Island
8%

Score Distribution

Percentile by Number Answered

Percent of People with Each Score

Your Score History

You have not taken this quiz